[Event "St Joao da Madeira op 10th"]
[Site "Sao Joao da Madeira"]
[Date "2013.10.13"]
[Round "7.1"]
[White "Viela, Marco Antonio Folha"]
[Black "Gomes, Miguel"]
[Result "0-1"]
[WhiteElo "2180"]
[BlackElo "2144"]
[PlyCount "58"]
[EventDate "2013.10.05"]
[EventType "swiss"]
[EventRounds "7"]
[EventCountry "POR"]
[SourceTitle "EXT 2015"]
[Source "ChessBase"]
[SourceDate "2014.11.20"]
[SourceVersion "1"]
[SourceVersionDate "2014.11.20"]
[SourceQuality "1"]

1. e4 c5 2. c3 Nf6 3. e5 Nd5 4. Nf3 e6 5. d4 cxd4 6. cxd4 d6 7. Bc4 dxe5 8. Nxe5 Nd7 9. 0-0 Be7 10. Qf3 0-0 11. Nd2 Nb4 12. Qc3 Nb6 13. Bb3 f6 14. Nec4 N6d5 15. Qf3 Nc6 16. Qe4 f5 17. Qd3 Nf4 18. Qe3 Bg5 19. Kh1 Nxg2 20. Qg3 Nh4 21. f4 Bf6 22. d5 Qxd5+ 23. Nf3 Nd4 24. Nb6 Qe4 25. Nxc8 Raxc8 26. Bd1 Rfd8 27. Be3 Ndxf3 28. Rxf3 Bxb2 29. Qxh4 Rxd1+ 0-1

[Event "St Joao da Madeira op 10th"]
[Site "Sao Joao da Madeira"]
[Date "2013.10.12"]
[Round "6.4"]
[White "Viela, Marco Antonio Folha"]
[Black "Cavaleiro, Daniel Felipe Costa"]
[Result "1-0"]
[WhiteElo "2180"]
[BlackElo "1913"]
[PlyCount "119"]
[EventDate "2013.10.05"]
[EventType "swiss"]
[EventRounds "7"]
[EventCountry "POR"]
[SourceTitle "EXT 2015"]
[Source "ChessBase"]
[SourceDate "2014.11.20"]
[SourceVersion "1"]
[SourceVersionDate "2014.11.20"]
[SourceQuality "1"]

1. e4 g6 2. Nc3 Bg7 3. Nf3 c6 4. g3 d5 5. exd5 cxd5 6. d4 Nh6 7. Bg2 0-0 8. 0-0 Nc6 9. Ne2 Nf5 10. c3 b5 11. a3 a5 12. Nf4 e6 13. Nd3 Nd6 14. Bf4 Nc4 15. b3 Nd6 16. Qc2 Ne4 17. Nd2 Nxc3 18. Qxc3 Nxd4 19. Qc5 Ne2+ 20. Kh1 Bd4 21. Qc7 Bc3 22. Qxd8 Rxd8 23. Bg5 f6 24. Rae1 Nxg3+ 25. fxg3 fxg5 26. Re2 b4 27. Nb1 Ba6 28. Rd1 e5 29. Rc2 Bxd3 30. Rxd3 e4 31. Rd1 Rac8 32. Nxc3 bxc3 33. Kg1 Kg7 34. Kf2 a4 35. bxa4 Rc4 36. a5 Kf6 37. Bf1 Rc5 38. a6 Ke5 39. a4 d4 40. a7 Ra8 41. Re1 Rxa7 42. Bd3 e3+ 43. Ke2 Rxa4 44. Rb1 Ra7 45. Rb8 Re7 46. Rd8 Ra5 47. Bc4 Ra1 48. Rd5+ Kf6 49. Rxd4 Rh1 50. Kf3 e2 51. Rd6+ Kg7 52. Bxe2 Rxh2 53. Bd3 Rf7+ 54. Kg4 h5+ 55. Kxg5 Rd2 56. Rxg6+ Kf8 57. Rxc3 Rf3 58. Rf6+ Rxf6 59. Kxf6 Rf2+ 60. Bf5 1-0

[Event "St Joao da Madeira op 10th"]
[Site "Sao Joao da Madeira"]
[Date "2013.10.06"]
[Round "3.3"]
[White "Sousa, Nuno Miguel Vale"]
[Black "Viela, Marco Antonio Folha"]
[Result "1-0"]
[WhiteElo "1959"]
[BlackElo "2180"]
[PlyCount "67"]
[EventDate "2013.10.05"]
[EventType "swiss"]
[EventRounds "7"]
[EventCountry "POR"]
[SourceTitle "EXT 2015"]
[Source "ChessBase"]
[SourceDate "2014.11.20"]
[SourceVersion "1"]
[SourceVersionDate "2014.11.20"]
[SourceQuality "1"]

1. e4 d5 2. exd5 Nf6 3. Bb5+ Bd7 4. Be2 Bf5 5. d4 Nxd5 6. a3 c6 7. c4 Nb6 8. Nc3 e6 9. Nf3 Be7 10. 0-0 Bf6 11. Be3 0-0 12. Qb3 Qc7 13. Rac1 N8d7 14. h3 Rac8 15. g4 Bg6 16. Rfd1 Qb8 17. a4 Rce8 18. a5 Nc8 19. Qa4 h6 20. h4 Bd8 21. h5 Bh7 22. d5 exd5 23. cxd5 Nf6 24. Bc5 b5 25. axb6 Nxb6 26. Qxc6 Nxg4 27. Bd6 Qc8 28. Qxc8 Nxc8 29. Bxf8 Kxf8 30. Bb5 Re7 31. d6 Re6 32. Bd7 Bb6 33. Bxe6 Bxf2+ 34. Kg2 1-0

[Event "St Joao da Madeira op 10th"]
[Site "Sao Joao da Madeira"]
[Date "2013.10.06"]
[Round "4.8"]
[White "Viela, Marco Antonio Folha"]
[Black "Mendes, Pedro Miguel Gomes"]
[Result "1-0"]
[WhiteElo "2180"]
[BlackElo "1730"]
[PlyCount "125"]
[EventDate "2013.10.05"]
[EventType "swiss"]
[EventRounds "7"]
[EventCountry "POR"]
[SourceTitle "EXT 2015"]
[Source "ChessBase"]
[SourceDate "2014.11.20"]
[SourceVersion "1"]
[SourceVersionDate "2014.11.20"]
[SourceQuality "1"]

1. e4 c5 2. c3 Nf6 3. e5 Nd5 4. d4 cxd4 5. Nf3 e6 6. cxd4 d6 7. exd6 Bxd6 8. Nc3 Nxc3 9. bxc3 Qc7 10. Bd2 b6 11. Bd3 Bb7 12. 0-0 Nd7 13. h3 0-0 14. Re1 Bd5 15. Ng5 Nf6 16. Qe2 Qb7 17. c4 Bxg2 18. f3 h6 19. Ne4 Bxh3 20. Nxd6 Qc7 21. Qh2 Rfd8 22. Nb5 Qxh2+ 23. Kxh2 a6 24. Kxh3 axb5 25. Be3 e5 26. cxb5 Ra3 27. Red1 exd4 28. Bc1 Ra7 29. a3 Nd7 30. Ra2 Nc5 31. Rg2 Rd6 32. Re2 Nxd3 33. Rxd3 Ra5 34. Rb2 Rd5 35. Kg3 Kf8 36. Rb4 Raxb5 37. Rdxd4 Rxd4 38. Rxb5 Ke8 39. Rxb6 f6 40. Rb7 g5 41. Rb4 Rd7 42. a4 Ra7 43. Be3 Ra6 44. Bb6 f5 45. a5 Kd7 46. Rd4+ Ke6 47. Rd8 h5 48. Re8+ Kd7 49. Rg8 f4+ 50. Kh3 g4+ 51. fxg4 hxg4+ 52. Kxg4 Kc6 53. Kxf4 Kb7 54. Ke5 Ra8 55. Rg7+ Ka6 56. Kd6 Rc8 57. Rc7 Rb8 58. Ra7+ Kb5 59. Kc7 Rh8 60. Kb7 Rh7+ 61. Bc7 Rh1 62. Ra6 Rh7 63. Rb6+ 1-0

[Event "POR-chT 52nd"]
[Site "Vila Nova de Gaia"]
[Date "2010.08.01"]
[Round "9.5"]
[White "Viela, Marco Antonio Folha"]
[Black "Hennig, Dirk"]
[Result "0-1"]
[WhiteElo "2201"]
[BlackElo "2404"]
[PlyCount "60"]
[EventDate "2010.07.24"]
[EventType "team-tourn"]
[EventRounds "9"]
[EventCountry "POR"]
[SourceTitle "EXT 2011"]
[Source "ChessBase"]
[SourceDate "2010.11.26"]
[SourceVersion "1"]
[SourceVersionDate "2010.11.26"]
[SourceQuality "1"]
[WhiteTeam "Dias Ferreira"]
[BlackTeam "Albufeira"]
[WhiteTeamCountry "POR"]
[BlackTeamCountry "POR"]

1. e4 g6 2. d4 c6 3. Nc3 d5 4. Nf3 Bg4 5. e5 e6 6. h3 Bxf3 7. Qxf3 Qb6 8. Qd3 c5 9. Be3 Nc6 10. dxc5 Bxc5 11. Bxc5 Qxc5 12. Qb5 Qe7 13. 0-0-0 Qg5+ 14. Kb1 0-0-0 15. Qa4 Qxe5 16. f4 Qb8 17. g4 Nge7 18. Bg2 h5 19. Ne2 b5 20. Qa3 Qb6 21. Bf3 Kb8 22. Rhg1 h4 23. Rge1 b4 24. Qa4 Rc8 25. c4 dxc4 26. Rd7 Rhd8 27. Red1 Rxd7 28. Rxd7 Rc7 29. Rd6 Qc5 30. Qd1 Nd5 0-1

[Event "World University-ch 10th"]
[Site "Novokuznetsk"]
[Date "2008.03.07"]
[Round "5"]
[White "Viela, Marco Antonio Folha"]
[Black "Kojima, Shinya"]
[Result "1-0"]
[WhiteElo "2161"]
[BlackElo "2205"]
[PlyCount "95"]
[EventDate "2008.03.04"]
[EventType "team"]
[EventRounds "9"]
[EventCountry "RUS"]
[SourceTitle "CBM 123 Extra"]
[Source "ChessBase"]
[SourceDate "2008.05.06"]
[SourceVersion "1"]
[SourceVersionDate "2008.05.06"]
[SourceQuality "1"]

1. e4 c5 2. Nf3 Nc6 3. d4 cxd4 4. Nxd4 Nf6 5. Nc3 e5 6. Ndb5 d6 7. Bg5 a6 8. Na3 b5 9. Nd5 Be7 10. Bxf6 Bxf6 11. c3 Bg5 12. Nc2 Ne7 13. Ncb4 0-0 14. a4 bxa4 15. Qxa4 Nxd5 16. Nxd5 Bd7 17. Qa3 Bc6 18. Bc4 a5 19. b3 Kh8 20. 0-0 f5 21. f3 Ra7 22. exf5 Bxd5 23. Bxd5 Be3+ 24. Kh1 Rxf5 25. Qa4 Rf4 26. Qb5 Rf8 27. Ra4 Qb6 28. Qd3 Rf4 29. Rfa1 Rxa4 30. Rxa4 g6 31. Rc4 Bc5 32. f4 exf4 33. Rxf4 Kg7 34. Qf3 Qd8 35. Rf7+ Rxf7 36. Qxf7+ Kh8 37. h3 Be3 38. b4 a4 39. b5 a3 40. Kh2 Bd2 41. b6 Bxc3 42. b7 Be5+ 43. g3 Qb8 44. Qd7 Qa7 45. Qe8+ Kg7 46. Qg8+ Kh6 47. Qf8+ Bg7 48. Qf4+ 1-0

[Event "Albarino op"]
[Site "Albarino"]
[Date "2006.07.05"]
[Round "3"]
[White "Viela, Marco Antonio Folha"]
[Black "Herraiz Sierra, Ignacio"]
[Result "1-0"]
[WhiteElo "2116"]
[BlackElo "2061"]
[PlyCount "61"]
[EventDate "2006.07.03"]
[EventType "swiss"]
[EventRounds "9"]
[EventCountry "ESP"]
[SourceTitle "CBM 113 Extra"]
[Source "ChessBase"]
[SourceDate "2006.09.14"]
[SourceVersion "1"]
[SourceVersionDate "2006.09.14"]
[SourceQuality "1"]

1. e4 c5 2. Nf3 e6 3. c3 d5 4. exd5 Qxd5 5. d4 Nf6 6. Be3 cxd4 7. cxd4 Be7 8. Nc3 Qd8 9. Bc4 0-0 10. 0-0 Nc6 11. Rc1 Nb4 12. Qb3 a6 13. a3 Nc6 14. Bd3 b5 15. Ne4 Bb7 16. Qc2 Nxe4 17. Bxe4 Rc8 18. Bxh7+ Kh8 19. Qd3 f5 20. Bg6 Rf6 21. Nh4 Ne5 22. Qe2 Ng4 23. h3 Rxc1 24. Rxc1 Qd6 25. hxg4 f4 26. g5 f3 27. Qc2 Rf4 28. Bxf4 Qxf4 29. g3 Qxg5 30. Bd3 Bd6 31. Qc8+ 1-0

[Event "Porto district-ch"]
[Site "Porto"]
[Date "2006.06.28"]
[Round "6"]
[White "Figueiredo, Pedro Jose"]
[Black "Viela, Marco Antonio Folha"]
[Result "0-1"]
[WhiteElo "1974"]
[BlackElo "2102"]
[PlyCount "60"]
[EventDate "2006.06.14"]
[EventType "swiss"]
[EventRounds "7"]
[EventCountry "POR"]
[SourceTitle "EXT 2008"]
[Source "ChessBase"]
[SourceDate "2007.11.25"]
[SourceVersion "1"]
[SourceVersionDate "2007.11.25"]
[SourceQuality "1"]

1. e4 e5 2. Nf3 Nc6 3. Bc4 Nf6 4. Ng5 d5 5. exd5 Na5 6. Bb5+ c6 7. dxc6 bxc6 8. Qf3 Rb8 9. Bxc6+ Nxc6 10. Qxc6+ Nd7 11. d3 Be7 12. Ne4 Rb6 13. Qa4 f5 14. Ned2 Rb4 15. Qxa7 Bc5 16. Qa8 0-0 17. Nb3 Bb6 18. Bd2 Rg4 19. g3 Qc7 20. Qd5+ Kh8 21. Rf1 Bb7 22. Qb5 Bc6 23. Qa6 Ra8 24. Qxa8+ Bxa8 25. Nc3 Bf3 26. Be3 f4 27. Bxb6 Qxb6 28. Kd2 fxg3 29. fxg3 Qh6+ 30. Ke1 Qe3+ 0-1

[Event "Porto district-ch"]
[Site "Porto"]
[Date "2006.06.22"]
[Round "4"]
[White "Viela, Marco Antonio Folha"]
[Black "Rodrigues, Jose AA"]
[Result "1-0"]
[WhiteElo "2102"]
[BlackElo "2049"]
[PlyCount "71"]
[EventDate "2006.06.14"]
[EventType "swiss"]
[EventRounds "7"]
[EventCountry "POR"]
[SourceTitle "EXT 2008"]
[Source "ChessBase"]
[SourceDate "2007.11.25"]
[SourceVersion "1"]
[SourceVersionDate "2007.11.25"]
[SourceQuality "1"]

1. e4 e6 2. d4 d5 3. Nd2 Nc6 4. Ngf3 Nf6 5. e5 Nd7 6. Nb3 Be7 7. h4 f6 8. Bb5 a6 9. Bxc6 bxc6 10. exf6 Bxf6 11. Na5 Nb8 12. Ne5 0-0 13. Nb3 Bxe5 14. dxe5 Nd7 15. Qd4 Rb8 16. Bg5 Qe8 17. 0-0-0 c5 18. Nxc5 Nxc5 19. Qxc5 Qb5 20. Qxb5 Rxb5 21. Be3 Bb7 22. a4 Ra5 23. b3 d4 24. Rxd4 Rxe5 25. Rg4 Re4 26. Rxe4 Bxe4 27. f3 Bc6 28. Rd1 Kf7 29. Bf4 Rc8 30. Be5 Kg6 31. Rd4 Kf5 32. Bh2 Bd5 33. c4 Bc6 34. Rf4+ Kg6 35. Rg4+ Kf6 36. Rg5 1-0

[Event "Porto district-ch qual"]
[Site "Matosinhos"]
[Date "2006.05.27"]
[Round "5"]
[White "Viela, Marco Antonio Folha"]
[Black "Botelho, Adelino dos Santos"]
[Result "1-0"]
[WhiteElo "2102"]
[BlackElo "1745"]
[PlyCount "97"]
[EventDate "2006.05.13"]
[EventType "swiss"]
[EventRounds "6"]
[EventCountry "POR"]
[SourceTitle "EXT 2008"]
[Source "ChessBase"]
[SourceDate "2007.11.25"]
[SourceVersion "1"]
[SourceVersionDate "2007.11.25"]
[SourceQuality "1"]

1. e4 c6 2. d4 d5 3. Nc3 dxe4 4. Nxe4 Bf5 5. Ng3 Bg6 6. N1e2 e6 7. Nf4 Bd6 8. Nxg6 hxg6 9. Ne4 Be7 10. g3 Nd7 11. Bg2 Ngf6 12. 0-0 Nxe4 13. Bxe4 Bg5 14. f4 Be7 15. c4 Nf6 16. Bf3 Qa5 17. Be3 Rd8 18. Qb3 Qb6 19. Qxb6 axb6 20. Rfd1 0-0 21. Rac1 Rd7 22. g4 Bd6 23. a3 Bc7 24. b4 Ra8 25. Ra1 Ra4 26. Rdc1 Bd6 27. h3 Kf8 28. Kg2 Rc7 29. Bd1 Ra8 30. Kf3 Rd8 31. Bc2 Nd7 32. Rab1 Ke8 33. a4 Kf8 34. Rd1 Be7 35. Bf2 Rcc8 36. g5 Ke8 37. h4 Kf8 38. Rh1 Bd6 39. h5 gxh5 40. Rxh5 Ke7 41. Rh7 Rg8 42. f5 Nf8 43. Rxg7 Rxg7 44. f6+ Kd7 45. fxg7 Ng6 46. Bxg6 fxg6 47. c5 Bc7 48. Rh1 Ke7 49. Rh8 1-0

[Event "Porto district-ch qual"]
[Site "Matosinhos"]
[Date "2006.05.21"]
[Round "4"]
[White "Pintor, Simao Maciel Abranc"]
[Black "Viela, Marco Antonio Folha"]
[Result "0-1"]
[WhiteElo "1792"]
[BlackElo "2102"]
[PlyCount "64"]
[EventDate "2006.05.13"]
[EventType "swiss"]
[EventRounds "6"]
[EventCountry "POR"]
[SourceTitle "EXT 2008"]
[Source "ChessBase"]
[SourceDate "2007.11.25"]
[SourceVersion "1"]
[SourceVersionDate "2007.11.25"]
[SourceQuality "1"]

1. d4 Nf6 2. Nf3 e6 3. c4 b6 4. g3 Ba6 5. Qc2 c5 6. Bg2 Nc6 7. e3 Rc8 8. b3 d5 9. Nbd2 Nb4 10. Qc3 Ne4 11. Nxe4 dxe4 12. Nd2 Nd3+ 13. Ke2 f5 14. f3 cxd4 15. Qxd4 Qc7 16. fxe4 Rd8 17. Qc3 Bb4 18. Qc2 Nxc1+ 19. Raxc1 Rxd2+ 20. Qxd2 Bxd2 21. Kxd2 Bb7 22. Rhd1 0-0 23. Kc2 Qe5 24. Rd4 fxe4 25. Rf1 Rxf1 26. Bxf1 Qf5 27. Be2 Bc6 28. Rd6 Be8 29. b4 Qf2 30. Kd2 Bh5 31. Rd8+ Kf7 32. Rd7+ Kf6 0-1

[Event "Porto district-ch qual"]
[Site "Matosinhos"]
[Date "2006.05.14"]
[Round "2"]
[White "Santos, Eduardo Antonio Sil"]
[Black "Viela, Marco Antonio Folha"]
[Result "0-1"]
[WhiteElo "1593"]
[BlackElo "2102"]
[PlyCount "120"]
[EventDate "2006.05.13"]
[EventType "swiss"]
[EventRounds "6"]
[EventCountry "POR"]
[SourceTitle "EXT 2008"]
[Source "ChessBase"]
[SourceDate "2007.11.25"]
[SourceVersion "1"]
[SourceVersionDate "2007.11.25"]
[SourceQuality "1"]

1. e4 e5 2. Nf3 Nc6 3. Bc4 Bc5 4. c3 Nf6 5. d4 exd4 6. cxd4 Bb4+ 7. Bd2 Nxe4 8. Bxb4 Nxb4 9. Bxf7+ Kxf7 10. Qb3+ d5 11. Ne5+ Ke6 12. Qxb4 c5 13. Qa4 Qb6 14. Nd3 cxd4 15. 0-0 Rf8 16. Re1 Kf7 17. f3 Nd6 18. Qa3 Kg8 19. Nb4 Nc4 20. Nxd5 Qxb2 21. Ne7+ Kf7 22. Qc5 Ne3 23. Qg5 Bg4 24. Qf4+ Kxe7 25. Qe5+ Be6 26. Rxe3 Qc1+ 27. Re1 Qc6 28. Qxg7+ Rf7 29. Qxd4 Rg8 30. Qe4 Qxe4 31. Rxe4 Rxf3 32. Nd2 Rf6 33. Rae1 Kf7 34. Nb3 Rg5 35. Nd4 Bd5 36. Re7+ Kg6 37. g3 Rg4 38. Nb5 Rb4 39. Nc3 Bf7 40. Rc7 Rb2 41. Ree7 Rc2 42. Ne4 Rxc7 43. Rxc7 Rb6 44. Rc2 Be6 45. Nc3 Rc6 46. Kf2 b5 47. a3 a5 48. Rc1 Kf5 49. h3 b4 50. g4+ Kg6 51. axb4 axb4 52. Ne2 Rxc1 53. Nxc1 Bc4 54. Ke3 b3 55. Nxb3 Bxb3 56. Kf4 Bd1 57. h4 Kf6 58. h5 h6 59. g5+ hxg5+ 60. Kg3 Bxh5 0-1

[Event "POR-chB"]
[Site "Vila Real"]
[Date "2005.08.06"]
[Round "4"]
[White "Viela, Andre Filipe Folha"]
[Black "Viela, Marco Antonio Folha"]
[Result "0-1"]
[WhiteElo "2067"]
[BlackElo "2137"]
[PlyCount "53"]
[EventDate "2005.08.03"]
[EventType "swiss"]
[EventRounds "9"]
[EventCountry "POR"]
[SourceTitle "CBM 107 Extra"]
[Source "ChessBase"]
[SourceDate "2005.09.01"]
[SourceVersion "1"]
[SourceVersionDate "2005.09.01"]
[SourceQuality "1"]

1. Nf3 Nf6 2. d3 d5 3. Nbd2 b6 4. c3 Bb7 5. Qc2 Nbd7 6. e4 dxe4 7. dxe4 e5 8. Bc4 Bd6 9. 0-0 0-0 10. Re1 a5 11. Nf1 Nc5 12. Ng3 Qd7 13. Bg5 Ng4 14. h3 h6 15. Bh4 g5 16. Nf5 Bxe4 17. Rxe4 Qxf5 18. Bd5 Nf6 19. Bxa8 Rxa8 20. Re2 Qxc2 21. Rxc2 gxh4 22. Nxh4 Kh7 23. Rd1 Rg8 24. Nf5 Nce4 25. Nxd6 Nxd6 26. c4 Nd7 27. b3 0-1

[Event "POR-chT2"]
[Site "Portugal"]
[Date "2005.04.16"]
[Round "?"]
[White "Viela, Marco Antonio Folha"]
[Black "Felizes, Paulo Alberto"]
[Result "0-1"]
[WhiteElo "2123"]
[BlackElo "2148"]
[PlyCount "46"]
[EventDate "2005.01.??"]
[EventType "team"]
[EventRounds "7"]
[EventCountry "POR"]
[SourceTitle "EXT 2006"]
[Source "ChessBase"]
[SourceDate "2005.11.24"]
[SourceVersion "1"]
[SourceVersionDate "2005.11.24"]
[SourceQuality "1"]

1. e4 e5 2. Nf3 Nc6 3. Bc4 Nf6 4. d4 exd4 5. 0-0 Nxe4 6. Re1 d5 7. Bxd5 Qxd5 8. Nc3 Qh5 9. Nxe4 Be6 10. Neg5 0-0-0 11. Nxe6 fxe6 12. Rxe6 Bd6 13. Qe2 d3 14. cxd3 Nd4 15. Qe4 Nxe6 16. Qxe6+ Kb8 17. Be3 Rde8 18. Qb3 Rhf8 19. Qa4 a6 20. Qd4 Rxf3 21. b4 Qxh2+ 22. Kf1 Rfxe3 23. fxe3 Rf8+ 0-1

[Event "Gaia Profigaia op"]
[Site "Vila Nova de Gaia"]
[Date "2004.07.06"]
[Round "4"]
[White "Viela, Marco Antonio Folha"]
[Black "Pintor, Ariana Maciel Abran"]
[Result "1-0"]
[WhiteElo "2108"]
[BlackElo "2049"]
[PlyCount "61"]
[EventDate "2004.07.03"]
[EventType "swiss"]
[EventRounds "9"]
[EventCountry "POR"]
[SourceTitle "CBM 101 Extra"]
[Source "ChessBase"]
[SourceDate "2004.09.01"]
[SourceVersion "2"]
[SourceVersionDate "2004.09.01"]
[SourceQuality "1"]

1. e4 c6 2. d4 d5 3. Nd2 dxe4 4. Nxe4 Bf5 5. Ng3 Bg6 6. N1e2 e6 7. Nf4 Bd6 8. Nxg6 hxg6 9. Ne4 Be7 10. g3 Nf6 11. Bg2 Nbd7 12. 0-0 Nxe4 13. Bxe4 Nf6 14. Bg2 Qb6 15. c4 0-0-0 16. Be3 Qc7 17. Qa4 Ng4 18. Bf4 Bd6 19. Bxd6 Qxd6 20. h3 Nf6 21. Rfd1 Kb8 22. b4 Qc7 23. Rab1 g5 24. b5 c5 25. b6 axb6 26. Rd3 Qd7 27. Rb5 Qd6 28. Ra3 Kc7 29. Bxb7 Qxd4 30. Qa7 Nd7 31. Be4+ 1-0

[Event "Gaia Profigaia op"]
[Site "Vila Nova de Gaia"]
[Date "2004.07.03"]
[Round "1"]
[White "Sousa, Emanuel Luis Alves"]
[Black "Viela, Marco Antonio Folha"]
[Result "1-0"]
[WhiteElo "1876"]
[BlackElo "2108"]
[PlyCount "87"]
[EventDate "2004.07.03"]
[EventType "swiss"]
[EventRounds "9"]
[EventCountry "POR"]
[SourceTitle "CBM 101 Extra"]
[Source "ChessBase"]
[SourceDate "2004.09.01"]
[SourceVersion "2"]
[SourceVersionDate "2004.09.01"]
[SourceQuality "1"]

1. c4 c6 2. Nf3 d5 3. cxd5 cxd5 4. g3 Nc6 5. Bg2 e5 6. d3 Nf6 7. 0-0 Be7 8. Nc3 0-0 9. Re1 Bg4 10. h3 Bh5 11. Qb3 Qd7 12. Kh2 Rac8 13. Bg5 Rfd8 14. Bxf6 Bxf6 15. Rac1 Bg6 16. e4 dxe4 17. dxe4 Na5 18. Qb4 b6 19. Nd5 Nb7 20. Bf1 Qd6 21. Nxf6+ gxf6 22. Qxd6 Nxd6 23. Rxc8 Rxc8 24. Bd3 Rc7 25. Nd2 Nb7 26. Nb3 Rd7 27. Bb5 Rd6 28. f4 h6 29. f5 Bh7 30. Rc1 Na5 31. Nxa5 Rd2+ 32. Kg1 bxa5 33. Rc7 Rxb2 34. Bc4 Rb4 35. Bxf7+ Kh8 36. Bd5 Rb5 37. g4 a6 38. Rc6 Kg7 39. Rxa6 Rc5 40. Ra7+ Kh8 41. Rf7 h5 42. Rxf6 h4 43. g5 Rc1+ 44. Kg2 1-0

[Event "Porto district-ch U20"]
[Site "Porto"]
[Date "2004.02.24"]
[Round "4"]
[White "Viela, Marco Antonio Folha"]
[Black "Carvalho, Joel"]
[Result "1-0"]
[WhiteElo "2067"]
[BlackElo "1326"]
[PlyCount "23"]
[EventDate "2004.02.??"]
[EventType "tourn"]
[EventRounds "5"]
[EventCountry "POR"]
[SourceTitle "EXT 2005"]
[Source "ChessBase"]
[SourceDate "2004.11.15"]
[SourceVersion "1"]
[SourceVersionDate "2004.11.15"]
[SourceQuality "1"]

1. e4 e5 2. Nf3 Nc6 3. d4 exd4 4. Nxd4 Nxd4 5. Qxd4 d6 6. Bc4 Qf6 7. Be3 c5 8. Bb5+ Bd7 9. Bxd7+ Kxd7 10. Qa4+ Kc7 11. Nc3 b6 12. Nd5+ 1-0

[Event "Porto-ch final"]
[Site "Porto"]
[Date "2004.??.??"]
[Round "1"]
[White "Viela, Marco Antonio Folha"]
[Black "Figueiredo, Pedro Jose"]
[Result "1-0"]
[WhiteElo "2100"]
[BlackElo "1635"]
[PlyCount "71"]
[EventDate "2004.??.??"]
[EventType "tourn"]
[EventRounds "7"]
[EventCountry "POR"]
[SourceTitle "EXT 2007"]
[Source "ChessBase"]
[SourceDate "2006.11.23"]
[SourceVersion "1"]
[SourceVersionDate "2006.11.23"]
[SourceQuality "1"]

1. e4 c5 2. c3 d5 3. exd5 Qxd5 4. d4 Nf6 5. Nf3 g6 6. Be3 Bg7 7. Be2 cxd4 8. cxd4 0-0 9. Nc3 Qa5 10. 0-0 Nc6 11. a3 Nd5 12. Nxd5 Qxd5 13. Rc1 e6 14. Rc5 Qd6 15. d5 exd5 16. Rxd5 Qc7 17. Nd4 Ne7 18. Nb5 Nxd5 19. Nxc7 Nxc7 20. b4 Be6 21. Bf3 Rfd8 22. Qe2 Nd5 23. Bg5 Rd7 24. Bg4 Nc3 25. Qf3 f5 26. Bh3 Bd5 27. Qe3 Be4 28. Kh1 b6 29. f3 Rd3 30. Qc1 Bb7 31. Qc2 Rd6 32. Re1 Rc8 33. Qf2 Bd4 34. Qg3 Rd7 35. Bxf5 gxf5 36. Bf6+ 1-0

[Event "Porto-ch final"]
[Site "Porto"]
[Date "2004.??.??"]
[Round "3"]
[White "Viela, Marco Antonio Folha"]
[Black "Pereira, Antonio Pedro Caram"]
[Result "1-0"]
[WhiteElo "2100"]
[BlackElo "1960"]
[PlyCount "127"]
[EventDate "2004.??.??"]
[EventType "tourn"]
[EventRounds "7"]
[EventCountry "POR"]
[SourceTitle "EXT 2007"]
[Source "ChessBase"]
[SourceDate "2006.11.23"]
[SourceVersion "1"]
[SourceVersionDate "2006.11.23"]
[SourceQuality "1"]

1. f4 d5 2. Nf3 g6 3. e3 Bg7 4. Be2 Nd7 5. 0-0 Ngf6 6. d4 Ne4 7. Nbd2 Ndf6 8. Ne5 Nxd2 9. Bxd2 Ne4 10. Bf3 f5 11. c4 e6 12. Bb4 c6 13. Qe1 a5 14. Ba3 Nd6 15. cxd5 exd5 16. Qg3 Bxe5 17. fxe5 Nc4 18. Rac1 Nxa3 19. bxa3 0-0 20. Be2 Be6 21. Rf4 Kh8 22. h4 Qe7 23. Rc3 Rf7 24. Qg5 Qxg5 25. hxg5 Kg7 26. Rh4 Bd7 27. Kf2 Be6 28. g3 Rc8 29. Rh1 Ra8 30. Rb1 Ra7 31. Rc5 Re7 32. Ke1 Kf8 33. Kd2 Re8 34. Rcc1 Ke7 35. Rh1 Rh8 36. Rh4 Kf7 37. g4 fxg4 38. Rf1+ Kg7 39. Rf6 Re8 40. Bxg4 Bxg4 41. Rxg4 Re7 42. Rgf4 Ra8 43. Kd3 Rae8 44. Rf1 Kg8 45. Kc3 Re6 46. Kb3 b5 47. Kc3 Kh8 48. Kd3 Kg8 49. Ke2 c5 50. Rf7 R6e7 51. Rxe7 Rxe7 52. Rf6 cxd4 53. exd4 Rc7 54. Kd3 b4 55. axb4 axb4 56. Rd6 Rc3+ 57. Kd2 Ra3 58. Rxd5 Rxa2+ 59. Kd3 Rg2 60. e6 Kf8 61. Rb5 Ke7 62. d5 Kd6 63. Rb6+ Kxd5 64. e7 1-0